000 01449nam a2200349 a 4500
001 ebr10731788
003 CaPaEBR
006 m o u
007 cr cn|||||||||
008 150303s2013 si a s 001 0 eng d
020 _z9781118613184
020 _z9781118613191 (ePDF)
020 _z9781118613214 (ePub)
040 _aCaPaEBR
_cCaPaEBR
035 _a(OCoLC)857076713
043 _aa-io---
050 1 4 _aKNW3344
_b.S855 2013eb
082 0 4 _a343.598077
_223
100 1 _aSullivan, Bill.
245 1 0 _aMining law & regulatory practice in Indonesia
_h[electronic resource] :
_ba primary reference source /
_cBill Sullivan and Christian Teo Purwono & Partners ; in association with Stephenson Harwood LLP.
260 _aSingapore :
_bWiley,
_cc2013.
300 _a1 online resource (xvii, 494 p.) :
_bill.
500 _aIncludes index.
533 _aElectronic reproduction.
_bPalo Alto, Calif. :
_cebrary,
_d2015.
_nAvailable via World Wide Web.
_nAccess may be limited to ebrary affiliated libraries.
588 _aDescription based on online resource; title from title page (ebrary, viewed July 23, 2013).
650 0 _aMining law
_zIndonesia.
655 7 _aElectronic books.
_2local
700 1 _aPurwono, Christian Teo.
700 1 _aHarwood, Stephenson.
710 2 _aebrary, Inc.
856 4 0 _uhttp://site.ebrary.com/lib/rucke/Doc?id=10731788
_zAn electronic book accessible through the World Wide Web; click to view
999 _c36259
_d36259